Régimen jurídico de la educación superior.
Guardat en:
| Autor corporatiu: | |
|---|---|
| Format: | Llibre |
| Idioma: | espanyol |
| Publicat: |
Santiago, Chile:
Consejo de Rectores Universidades Chilenas,
1982.
|
| Matèries: | |
| Etiquetes: |
Afegir etiqueta
Sense etiquetes, Sigues el primer a etiquetar aquest registre!
|
MARC
| LEADER | 00000nam a2200000 a 4500 | ||
|---|---|---|---|
| 001 | UCT2851 | ||
| 003 | CL-VaPUC | ||
| 005 | 20220822114329.0 | ||
| 008 | 961018e19820000CL |||||||||||||||||spa|d | ||
| 999 | |c 252750 |d 252748 | ||
| 040 | |c Pontificia Universidad Católica de Valparaíso | ||
| 082 | 0 | 4 | |a 378.01 CON 1982 |2 21 |
| 110 | 2 | |a Consejo de Rectores Universidades Chilenas |e autor |9 371825 | |
| 245 | 1 | 0 | |a Régimen jurídico de la educación superior. |
| 260 | |a Santiago, Chile: |b Consejo de Rectores Universidades Chilenas, |c 1982. | ||
| 300 | |a 2 Volúmenes. | ||
| 500 | |a c.4 Volumen I: Donación Familia Prof. Alejandro Guzmán Brito. | ||
| 505 | |a v.I: Normas Generales. v.II: Normas Estatutarias. | ||
| 583 | |k Rodrigo Vera |c 20220201 | ||
| 650 | 0 | |a Educación superior |9 223851 |x Normas |x Estatutos | |
| 650 | 0 | |a Universidades |9 256317 |x Financiamiento | |
| 650 | 0 | |a Justicia |9 255408 | |
| 650 | 0 | |a Enseñanza |9 256457 | |
| 942 | |c BK |2 ddc |n 0 | ||
| 945 | |d 19961018 00:00:00 |a nastorga | ||
| 952 | |0 0 |1 0 |4 0 |6 378_010000000000000_CON_1982 |7 0 |8 P |9 272826 |a BIBEDU |b BIBEDU |c BIBEDU_PB |d 2019-11-19 |h v.1 |i 3241319 |o 378.01 CON 1982 |p 3241319 |r 2024-01-25 |w 2019-11-19 |y BK |k EDU | ||
| 952 | |0 0 |1 0 |4 0 |6 378_010000000000000_CON_1982 |7 0 |8 P |9 272827 |a BIBEDU |b BIBEDU |c BIBEDU_PB |d 2019-11-19 |h v.2 |i 3241327 |o 378.01 CON 1982 |p 3241327 |r 2024-01-25 |w 2019-11-19 |y BK |k EDU | ||
| 952 | |0 0 |1 0 |4 0 |6 378_010000000000000_CON_1982 |7 0 |8 P |9 272828 |a BIBDER |b BIBDER |d 2019-11-19 |h v.2 |i 1862278 |o 378.01 CON 1982 |p 1862278 |r 2023-01-25 |w 2019-11-19 |y BK |k DER | ||
| 952 | |0 0 |1 0 |4 0 |6 378_010000000000000_CON_1982 |7 0 |8 A |9 272829 |a BIBHIS |b BIBHIS |d 2019-11-19 |h v.1 |i 1360213 |o 378.01 CON 1982 |p 1360213 |r 2025-01-20 |w 2019-11-19 |y BK |k HIS | ||
| 952 | |0 0 |1 0 |4 0 |6 378_010000000000000_CON_1982 |7 0 |8 A |9 272830 |a BIBHIS |b BIBHIS |d 2019-11-19 |h v.2 |i 1360221 |o 378.01 CON 1982 |p 1360221 |r 2025-01-20 |w 2019-11-19 |y BK |k HIS | ||
| 952 | |0 0 |1 0 |4 0 |6 378_010000000000000_CON_1982 |7 0 |8 X |9 272831 |a FDOBUD |b FDOBUD |d 2019-11-19 |h v.1 |i 4598784 |o 378.01 CON 1982 |p 4598784 |r 2019-11-19 |w 2019-11-19 |y BK_X |k BUD | ||
| 952 | |0 0 |1 0 |4 0 |6 378_010000000000000_CON_1982 |7 0 |8 X |9 272832 |a FDOBUD |b FDOBUD |d 2019-11-19 |h v.2 |i 4598792 |o 378.01 CON 1982 |p 4598792 |r 2019-11-19 |w 2019-11-19 |y BK_X |k BUD | ||